| 000 -ლიდერი |
| ფიქსირებული სიგრძის საკონტროლო ველი |
01636nam a22002417a 4500 |
| 003 - საკონტროლო ნომრის იდენტიფიკატორი |
| საკონტროლო ველი |
Ge_BSU |
| 005 - ბოლო ოპერაციის თარიღი და დრო |
| საკონტროლო ველი |
20210714144257.0 |
| 008 - ფიქსირებული სიგრძის მონაცემთა ელემენტები - ზოგადი ინფორმაცია |
| ფიქსირებული სიგრძის საკონტროლო ველი |
210714s2021 ge ||||| |||| 00| 0 geo d |
| 020 ## - წიგნის საერთაშორისო სტანდარტული ნომერი |
| International Standard Book Number |
9789941833557 |
| 041 ## - ენის კოდი |
| Language code of text/sound track or separate title |
geo |
| 080 ## - უნივერსალური ათობითი კლასიფიკაციის ინდექსი |
| Universal Decimal Classification number |
340.130.53(072) ა-69 |
| 245 ## - ცნობა სათაურის შესახებ |
| Title |
ანტიდისკრიმინაციული სამართალი : |
| Remainder of title |
მასწავლებლის მეთოდური სახელმძღვანელო / |
| Statement of responsibility, etc |
შემდგენლები დიმიტრი გეგენავა, ქეთევან ხომერიკი; სულხან-საბა ორბელიანის უნივერსიტეტი. |
| 264 ## - წარმოების, გამოცემის, დისტრიბუციის და სხვა ცნობები |
| გამოცემის, წარმოების, დისტრიბუციის... ადგილი |
თბილისი : |
| გამოცემის, წარმოების, დისტრიბუციის... სახელწოდება |
სულხან-საბა ორბელიანის უნივერსიტეტი, |
| გამოცემის, წარმოების, დისტრიბუციის... თარიღი |
2021. |
| 300 ## - ფიზიკური აღწერა |
| Extent |
125 გვ.; |
| Other physical details |
20 სმ. |
| 500 ## - ზოგადი შენიშვნა |
| General note |
წიგნი გამოიცემა USAID/PROLOG-ის მიერ დაფინანსებული ადამიანის უფლებების ფარგლებში |
| 504 ## - BIBLIOGRAPHY, ETC. NOTE |
| Bibliography, etc |
ბიბლიოგრ. ტექსტების ბოლოს |
| 653 ## - INDEX TERM--UNCONTROLLED |
| Uncontrolled term |
სამართალი |
| 653 ## - INDEX TERM--UNCONTROLLED |
| Uncontrolled term |
დისკრიმინაცია |
| 700 ## - ADDED ENTRY--PERSONAL NAME |
| Personal name |
გეგენავა, დიმიტრი |
| Relator term |
შემდგენელი |
| 9 (RLIN) |
12255 |
| 700 ## - ADDED ENTRY--PERSONAL NAME |
| Personal name |
ხომერიკი, ქეთევან |
| Relator term |
შემდგენელი |
| 9 (RLIN) |
12256 |
| 710 ## - ADDED ENTRY--CORPORATE NAME |
| Corporate name or jurisdiction name as entry element |
სულხან-საბა ორბელიანის უნივერსიტეტი |
| 9 (RLIN) |
12257 |
| 942 ## - ADDED ENTRY ELEMENTS (KOHA) |
| Source of classification or shelving scheme |
|
| Koha item type |
წიგნი |